000 00541nam a2200145Ia 4500
005 20240603051708.0
008 240331s9999 xx 000 0 und d
082 _bWOO
_22nd
_a352
100 _aWoolf, L
245 0 _aDiaries in Ceylon 1908-1911 :
_brecords of a colonial administrator
260 _aDehiwala
_bTisara Press
_c1983
300 _axxx,286 p.,
500 _aThe official diaries maintained by Lenard Woolf while Assistant Government Agent of the Hambantota District, Ceylon, during the period August 1908 to May 1911.
942 _cL
999 _c2861
_d2861